000 00506nam a2200157 a 4500
001 000048519
005 20201002061220.0
008 190327s2018 dr a r 000 spa d
040 _aDO-SdBNP
_bspa
_cBNPHU
082 _axxx
_bS825e
100 _aSteneck, Robert
_975937
245 1 0 _aEl estado de los arrecifes de coral de la República Dominicana : reporte 2017 y 2018.
260 _aSanto Domingo :
_bFundación Propo-Gas,
_c2018.
300 _a53 p. :
_bil. ;
_c28 cm.
590 _aInventariado, 2019 / DG
999 _c48007
_d48007